| 000 | 00527nam a2200217Ia 4500 | ||
|---|---|---|---|
| 003 | 0100 | ||
| 008 | 130303s9999 xx 000 0 und d | ||
| 040 | _cARRUPELIB | ||
| 050 | _aQ181.R43 1993 | ||
| 100 | _aReiss, Michael J. | ||
| 245 | _aScience education for a pluralist society | ||
| 260 | _aPhiladelphia | ||
| 260 | _bOpen University Press | ||
| 260 | _C1993 | ||
| 300 | _a125p. | ||
| 300 | _b 26cm. | ||
| 650 | _bGenetics-History | ||
| 650 | _cBiology-History | ||
| 650 | _dLife(Biology) | ||
| 942 |
_2lcc _01 |
||
| 999 |
_c64570 _d64570 |
||